000 00698cam a2200193 a 4500
001 000005105
005 20200929151600.0
008 830831|1982 pr 000 0 spa
040 _aDO-SdBNP
_bspa
_cBNPHU
082 _aPR861.44
_bG643c
100 1 _aGonzalez Torres, Rafael A.
_914639
245 1 3 _aEl cantaro celeste :
_breflexiones jesucristianas /
_cRafael A. González Torres.
260 _aSan Juan, Puerto Rico :
_bEditorial Yaurel,
_c1982.
300 _a84 p. ; 22 cm.
504 _aIncluye referencias bibliográficas y notas al pie de las páginas.
590 _a1 Copia autografiada por el autor.
650 4 _aPoesía puertorriqueña
_91015
650 4 _aLiteratura puertorriqueña
_9250
999 _c4908
_d4908